01298nam a2200325Ia 4500001001200000003000800012006001900020007001500039008004100054010001700095020001800112020001800130020003500148040002100183035002100204050002400225082002300249100002400272245012900296260007100425300002400496533015200520650003300672650003600705650004400741655002900785710001700814856012600831999001500957ebr10698755CaPaEBRm o u cr cn|||||||||050621s2005 si a s 000 0 eng d z 2005049433 z9789812564535 z9789812775085 z9812564535 (pbk. : alk. paper) aCaPaEBRcCaPaEBR a(OCoLC)66504627314aHN17.5b.L65 2005eb04a303.48/4/090492221 aLong, Susan,d1972-10aDifference makersh[electronic resource] :bstories of those who dared : a collection of interview columns /cby Susan Long. aSingapore ;aHackensack, N.J. :bDL Pub./World Scientific,cc2005. axii, 184 p. :bill. aElectronic reproduction.bPalo Alto, Calif. :cebrary,d2013.nAvailable via World Wide Web.nAccess may be limited to ebrary affiliated libraries. 0aSocial actionvCase studies. 0aSocial reformersvCase studies. 0aRisk-taking (Psychology)vCase studies. 7aElectronic books.2local2 aebrary, Inc.40uhttp://site.ebrary.com/lib/rucke/Doc?id=10698755zAn electronic book accessible through the World Wide Web; click to view c6042d6042